000 00444nam a22001457u 4500
008 130405s2003 xxu||||| |||| 00| 0 spa d
041 _aspa
100 1 _aPrieto Ramiro, Rafael
_929668
245 0 0 _aCáritas Adviento y Navidad 2003-2004
_b:Si tú supieras...
_cRafael Prieto Ramiro
260 _aMadrid:
_bCáritas Española,
_c2003
300 _a262 p.
_c;21 cm.
650 0 4 _aLiturgia
_xNavidad y adviento
_918909
942 _cBK
001 76804
999 _c255954
_d255954